<?xml version="1.0" encoding="UTF-8"?>
<record
    xmlns:xsi="http://www.w3.org/2001/XMLSchema-instance"
    xsi:schemaLocation="http://www.loc.gov/MARC21/slim http://www.loc.gov/standards/marcxml/schema/MARC21slim.xsd"
    xmlns="http://www.loc.gov/MARC21/slim">

  <leader>01863nam a2200289 u 4500</leader>
  <controlfield tag="001">812869</controlfield>
  <controlfield tag="005">20260506093530.0</controlfield>
  <controlfield tag="008">021004e19971001                    spa  </controlfield>
  <datafield tag="035" ind1=" " ind2=" ">
    <subfield code="a">812869</subfield>
    <subfield code="z">2644</subfield>
  </datafield>
  <datafield tag="035" ind1=" " ind2=" ">
    <subfield code="a">(OCoLC)777723437</subfield>
  </datafield>
  <datafield tag="040" ind1=" " ind2=" ">
    <subfield code="c">comduadb</subfield>
  </datafield>
  <datafield tag="041" ind1=" " ind2=" ">
    <subfield code="a">spa</subfield>
  </datafield>
  <datafield tag="080" ind1=" " ind2=" ">
    <subfield code="a">G</subfield>
  </datafield>
  <datafield tag="100" ind1="1" ind2="0">
    <subfield code="a">Serna G&#xF3;mez, Humberto</subfield>
    <subfield code="4">aut</subfield>
    <subfield code="0">(isni)0000 0000 2716 6941</subfield>
    <subfield code="0">(viaf)53232330</subfield>
    <subfield code="e">aut</subfield>
    <subfield code="9">474545</subfield>
  </datafield>
  <datafield tag="245" ind1="1" ind2="0">
    <subfield code="a">Banco ganadero un caso de internacionalizaci&#xF3;n</subfield>
  </datafield>
  <datafield tag="260" ind1=" " ind2=" ">
    <subfield code="a">Santaf&#xE9; de Bogot&#xE1; :</subfield>
    <subfield code="b">Universidad de los Andes, Facultad de Administraci&#xF3;n,</subfield>
    <subfield code="c">1997.</subfield>
  </datafield>
  <datafield tag="300" ind1=" " ind2=" ">
    <subfield code="a">95 p&#xE1;ginas</subfield>
  </datafield>
  <datafield tag="490" ind1="0" ind2=" ">
    <subfield code="a">Serie Casos ;</subfield>
    <subfield code="v">48</subfield>
  </datafield>
  <datafield tag="505" ind1=" " ind2=" ">
    <subfield code="a">CONTENIDO: 1.Introducci&#xF3;n al caso --- 2.Historia del banco ganadero --- 3.Diversificaci&#xF3;n en otras &#xE1;reas financieras ---  4.Estructura y planeaci&#xF3;n estrat&#xE9;gica del banco 1996 --- 5.Expansi&#xF3;n internacional --- 6.Planteamiento principal en detalles --- 7.Consolidaci&#xF3;n de la internacionalizaci&#xF3;n del banco ganadero --- 8.Consecuencias de la llegada del B.B.V. al banco ganadero --- 9.Anexos --- 10.Banco ganadero. Guia del profesor .</subfield>
  </datafield>
  <datafield tag="520" ind1="3" ind2=" ">
    <subfield code="a">El Banco Ganadero es el caso interesante de una entidad que logro pasar en pocos a?os de ser un banco parroquial a ser un banco internacional de gran avance tecnologico. Este caso nos relata como el Banco Ganadero llego a ser el primer banco del pais, el proceso de internacionalizacion que ha vivido y sus implicaciones, y las estrategias que planeaba para el futuro en una economia abierta y globalizada. En abril de 1996 era el que contaba con mayor volumen de activos, depositos y creditos, siendo catalogado como el primer banco del pais.</subfield>
  </datafield>
  <datafield tag="650" ind1=" " ind2=" ">
    <subfield code="a">Banco Ganadero</subfield>
    <subfield code="9">97436</subfield>
  </datafield>
  <datafield tag="650" ind1=" " ind2="7">
    <subfield code="a">Competitividad</subfield>
    <subfield code="2">lemb</subfield>
    <subfield code="9">37811</subfield>
  </datafield>
  <datafield tag="650" ind1=" " ind2=" ">
    <subfield code="a">Sector financiero</subfield>
    <subfield code="9">16551</subfield>
  </datafield>
  <datafield tag="650" ind1=" " ind2="7">
    <subfield code="a">Globalizaci&#xF3;n</subfield>
    <subfield code="2">lemb</subfield>
    <subfield code="9">15458</subfield>
  </datafield>
  <datafield tag="700" ind1="1" ind2="0">
    <subfield code="a">Grosse, Robert</subfield>
    <subfield code="4">aut</subfield>
    <subfield code="e">aut</subfield>
    <subfield code="9">376794</subfield>
  </datafield>
  <datafield tag="942" ind1=" " ind2=" ">
    <subfield code="c">BOOK</subfield>
  </datafield>
  <datafield tag="999" ind1=" " ind2=" ">
    <subfield code="c">262425</subfield>
    <subfield code="d">262425</subfield>
  </datafield>
  <datafield tag="952" ind1=" " ind2=" ">
    <subfield code="0">0</subfield>
    <subfield code="1">0</subfield>
    <subfield code="4">0</subfield>
    <subfield code="7">0</subfield>
    <subfield code="8">GENERAL</subfield>
    <subfield code="a">CIE</subfield>
    <subfield code="b">CIE</subfield>
    <subfield code="d">2023-04-24</subfield>
    <subfield code="i">C780179</subfield>
    <subfield code="l">0</subfield>
    <subfield code="o">G/25635</subfield>
    <subfield code="p">61000004384107</subfield>
    <subfield code="r">2023-04-24 00:00:00</subfield>
    <subfield code="t">1</subfield>
    <subfield code="w">2023-04-24</subfield>
    <subfield code="y">BOOK</subfield>
  </datafield>
</record>
